1405 1082 1269 1922 1035 1385 1763 1933 1446 1196 1625 1805 1497 1783 1331 1047 1462 1329 1760 1321 1496 1095 1842 1647 1749 1448 1320 1704 1207 1302 1774 1275 1479 1968 1856 1035 1996 1610 1159 1125 1100 1281 1827 1238 1470 1572 1890 1481 1452 1608 1737 1659 1774 1568 1526 1840 1267 1047 1105 1127 1827 1821 1546 1084 1749 1305 1335 1217 1233 1040 1479 1386 1001 1839 1719 1684 1666 1261 1806 1209 1038 1040 1480 1483 1042 1473 1404 1266 1292 1513 1071 1557 1701 1949 1165 1061 1674 1577 1358 BCNSPRNW ULIB Ver.6.0+V

เปลี่ยนเป็นภาษาไทย

Change to English
 แสดงรายละเอียดบรรณานุกรม
  กลับหน้าหลัก

Brief Record : Get Marc (ISO 2709) : E-mail record : QR code < ปิดหน้าต่าง
LEADER : 00000nam 2200000uu 4500
001    13399124504
003     ULIB
008    150817s2556 th a 000 0 tha d
020    9789749804295
020    9789749804292
090    นว.^bล158บ ล.4
100    ล่อร่า อิงกัลล์ส์ ไวล์เดอร์;^eผู้แต่ง
245    บ้านเล็กริมห้วย/^cล่อร่า อิงกัลล์ส์ ไวล์เดอร์. ; เขียน ,สุคนธรส. ; แปล
250    พิมพ์ครั้งที่9
260    กรุงเทพฯ :^bแพรวเยาวชน,^c2556
300    285 หน้า;^b18.5 ซม.
500    หนังสือชุดบ้านเล็ก
700    สุคนธรส ;^eแปล
945    ^p195^l0^i039775
999    ^aทศพร
รายการนี้ยังไม่มีแท็ก
คุณยังไม่ได้ล็อกอิน คุณสามารถมีกิจกรรมร่วมกับเว็บไซต์ได้ แต่ต้องล็อกอินก่อน ::
  ล็อกอิน

รายการสื่อสารสนเทศ

ลำดับที่ ประเภท เลขเรียก/บาร์โค้ด สถานที่ สถานะ
1. นวนิยาย
นวนิยาย
นว. ล158บ ล.4 ฉ.1 
  Barcode: 039775
ห้องสมุดวิทยาเขตสวรรค์ประชารักษ์
►นวนิยาย
บนชั้น
  ขอยืม

BibComment


ยังไม่เคยถูกคอมเมนท์

คอมเมนท์ทรัพยากรรายการนี้
  คอมเมนท์: บ้านเล็กริมห้วย ล..


 Copyright 2026. Bcnsprnw @Library